000 01637cam a2200145 4500500
005 20260405085549.0
041 _afre
042 _adc
100 1 0 _aChaponnière, Jean-Raphaël
_eauthor
700 1 0 _aLautier, Marc
_eauthor
245 0 0 _aLes économies émergentes d'Asie : Entre État et marché
260 _bArmand Colin,
_c2014.
520 _aAlors que la reprise se fait attendre en Europe et aux États-Unis où l’on redoute une stagnation séculaire, les économies émergentes d’Asie – de Séoul à Delhi – continuent de progresser. Quels sont les ressorts de ces dynamiques ? Existe-t-il un « modèle » asiatique de développement ? La montée en puissance de la Chine empêche-t-elle tout rattrapage ? La trajectoire de l’Inde illustre-t-elle l’existence d’une alternative à l’industrialisation ? Quels défis rencontre désormais la poursuite de la croissance en Asie ? Après avoir replacé l’émergence de l’Asie dans la longue durée, cet ouvrage présente son socle institutionnel qui, inspiré des expériences d’industrialisation tardive du XIXe siècle, encadre le dynamisme du marché pour atteindre les objectifs de l’État. Il analyse les changements de spécialisation industrielle qui fondent le « vol des oies sauvages » et l’irruption de l’Asie dans l’économie mondiale. Les auteurs examinent ensuite les processus d’intégration régionale et de creusement des inégalités liées à ces développements, les plus rapides de l’Histoire.
856 4 1 _uhttps://shs.cairn.info/les-economies-emergentes-d-asie--9782200288518?lang=fr&redirect-ssocas=7080
999 _c2198557
_d2198557